000 00726nam a22002297a 4500
001 000038138
003 DO-SdBNP
005 20250912105409.0
007 ta
008 130315s1971 dr 000 0 spa d
040 _aDO-SdBNP
_bspa
_cBNPHU
082 _a310.7293
_bR426d, 1971
110 1 _aRepública Dominicana
_bSecretariado Técnico de la Presidencia
_bOficina Nacional de Estadística
_910866
245 1 0 _aRepública Dominicana en cifras 1971. /
260 _aSanto Domingo :
_bOficina Nacional de Estadística,
_c1971.
300 _a198 p. ;
_c19 cm.
490 1 _aOficina Nacional de Estadística ;
_v6 ;
590 _aInventariado, 2022/ YL
650 0 _a
_982360
910 _aYLockward
942 _2ddc
_cLBS1
999 _c37628
_d37628